000 00746nam a2200205Ii 4500
003 JO-AjNU
008 230605s9999||||xx |||||||||||||| ||und||
017 _a2017/10/932
040 _aJO-AjNU
_bara
_erda
_cJO-AjNU
041 _aara
050 1 4 _aHD9018 2017
100 3 _aاحمد، عبد الغفور ابراهيم,
_eauthor
_964399
245 0 0 _aالأمن الغذائي: مفهومه،قياسة، متطلباته
264 3 1 _aعمان: دار امنة للنشر والتوزيع، 2017
300 _a324ص
_bيحتوي على ملاحق من ص 259- 234ص
336 _atext
_btxt
_2rdacontent
337 _aunmediated
_bn
_2rdamedia
338 _avolume
_bnc
_2rdacarrier
650 4 _aاقتصاد- اقتصاد غذائي
_964400
999 _aA29265
_c32833
_d32833